Statystyki dla Wszyscy estońscy skoczkowie narciarscy w historii

Kliknij tutaj aby rozwiązać quiz!

Ogólne statystyki

  • Ten quiz został rozwiązany 12 razy
  • Średni wynik to 9 z 26

Statystyki odpowiedzi

Odpowiedź% Poprawnych
Egert Malts
75%
Kaarel Nurmsalu
75%
Kevin Maltsev
75%
Martti Nomme
75%
Artti Aigro
63%
Kalev Aigro
63%
Jens Salumae
50%
Illimar Parn
38%
Jaan Juris
38%
Jouko Hein
38%
Siim-Tanel Sammelselg
38%
Mats Piho
25%
Mihkel Oja
25%
Taavi Pappel
25%
Andero Kapp
13%
Hanno-Henri Reidolf
13%
Kaimar Vagul
13%
Karel Rammo
13%
Kristjan Ehman
13%
Kristjan Ilves
13%
Margus Kangur
13%
Markkus Alter
13%
Oskar Veldeman
13%
Peter Heli
13%
Tambet Pikkor
13%
Tonis Kartau
13%

Rozkład punktacji

Percentyl według liczby udzielonych odpowiedzi

Procent ludzi z każdym wynikiem

Twoja historia wyników

Nie rozwiązałeś tego quizu